00702 2200217 4500001002100000005001500021035002000036007000300056008004100059082001100100084001700111100001900128245016000147260006300307300002800370650002500398700001400423700001700437856001400454990001600468INLIS00000000000618720240822092529 a0010-0921000183ta240822 0 ind  a348.02 a348.02 IWA p0 aIwan Kurniawan1 aProsedur Pemilihan Kepala Daerah dan Pengangkatan / Pemberhentian Pegawai Negeri Sipil serta Program Pembangunan Nasional tahun 2000-2004 /cIwan Kurniawan aJakarta :bLembaga pengembangan informasi Indonesia,c2001 axxiii, 712 hlm ;c23 cm 4aperaturan pemerintah0 aA. Chanif0 aAchmad Zairi aKelas 348 a00000008501